Online Catalogue and eLibrary

Class, Caste, Gender: (Record no. 4503)

MARC details
000 -LEADER
fixed length control field 00570nam a2200205Ia 4500
005 - DATE AND TIME OF LATEST TRANSACTION
control field 20250130025443.0
008 - FIXED-LENGTH DATA ELEMENTS--GENERAL INFORMATION
fixed length control field 240331s9999 xx 000 0 und d
020 ## - INTERNATIONAL STANDARD BOOK NUMBER
ISBN 0761996443
082 ## - DDC Classification
Item Number - Author Mark MOH
DDC Edition Number 6261
Class No. 305.5
245 #0 - TITLE STATEMENT
Title Class, Caste, Gender:
Remainder of title Readings in Indian Government and Politics
260 ## - PUBLICATION, DISTRIBUTION, ETC.
Place of publication, distribution, etc. New Delhi;
-- California;
-- London
Name of publisher, distributor, etc. SAGE Publications
Date of publication, distribution, etc. 2004
300 ## - PHYSICAL DESCRIPTION
Extent (e.g. Volumes, Pages etc.) 439 p., Volume 5
650 ## - SUBJECT ADDED ENTRY--TOPICAL TERM
Topical term or geographic name entry element Gender Inequality
650 ## - SUBJECT ADDED ENTRY--TOPICAL TERM
Topical term or geographic name entry element Politics
650 ## - SUBJECT ADDED ENTRY--TOPICAL TERM
Topical term or geographic name entry element Caste
650 ## - SUBJECT ADDED ENTRY--TOPICAL TERM
Topical term or geographic name entry element Society
650 ## - SUBJECT ADDED ENTRY--TOPICAL TERM
Topical term or geographic name entry element Political Power
700 ## - ADDED ENTRY--PERSONAL NAME
Personal name Mohanty, M
Relator term (Role) Editor
942 ## - Koha item type (Biblio)
Koha item type Books in Stacks (Lending)
Holdings
Lost status Damaged status Collection code Home library Current library Shelving location Date acquired Full call number Accession Number Item type
    Lending WERC Library WERC Library Social Science Cupboard 03/31/2024 305.5 CLA 6261 Books in Stacks (Lending)

© WERC Library